Statistics for Which elements do these substances contain?

Click here to take the quiz!

General Stats

  • This quiz has been taken 10 times
  • The average score is 66 of 72

Answer Stats

QuestionTileSelect% Correct
AmmoniaAluminiumNo
100%
SaltArgonNo
100%
SaltArsenicNo
100%
AmmoniaAstatineNo
100%
AmmoniaBariumNo
100%
Potassium permanganateBismuthNo
100%
MethaneBoronNo
100%
VinegarCadmiumNo
100%
SaltCaesiumNo
100%
AmmoniaCalciumNo
100%
Tungsten carbideCarbonYes
100%
MethaneCarbonYes
100%
AmmoniaCarbonNo
100%
SaltChlorineYes
100%
SaltChromiumNo
100%
VinegarCobaltNo
100%
AmmoniaCobaltNo
100%
Magic acidCopperNo
100%
VinegarCuriumNo
100%
Iron pyritesCuriumNo
100%
Tungsten carbideErbiumNo
100%
Iron pyritesGoldNo
100%
VinegarHeliumNo
100%
VinegarHolmiumNo
100%
Tungsten carbideHydrogenNo
100%
AmmoniaHydrogenYes
100%
Tungsten carbideIodineNo
100%
Iron pyritesIronYes
100%
Tungsten carbideLawrenciumNo
100%
Iron pyritesNitrogenNo
100%
AmmoniaNitrogenYes
100%
VinegarOganessonNo
100%
Potassium permanganatePalladiumNo
100%
Potassium permanganatePhosphorusNo
100%
MethanePlutoniumNo
100%
Potassium permanganatePotassiumYes
100%
Potassium permanganateScandiumNo
100%
SaltSeleniumNo
100%
SaltSiliconNo
100%
SaltSodiumYes
100%
SaltSulphurNo
100%
Tungsten carbideTantallumNo
100%
Iron pyritesTechnetiumNo
100%
MethaneThalliumNo
100%
Tungsten carbideTinNo
100%
Iron pyritesTitaniumNo
100%
Tungsten carbideTungstenYes
100%
MethaneVanadiumNo
100%
Magic acidYtterbiumNo
100%
Potassium permanganateYttriumNo
100%
MethaneZincNo
100%
VinegarCarbonYes
90%
VinegarHydrogenYes
90%
Magic acidHydrogenYes
90%
Magic acidKryptonNo
90%
Magic acidMercuryNo
90%
VinegarOxygenYes
90%
Tungsten carbideOxygenNo
90%
MethaneHydrogenYes
80%
MethaneNitrogenNo
80%
Potassium permanganateOxygenYes
80%
Magic acidOxygenYes
80%
AmmoniaOxygenNo
80%
Iron pyritesSilverNo
80%
Potassium permanganateMagnesiumNo
70%
Potassium permanganateManganeseYes
70%
MethaneOxygenNo
60%
Iron pyritesOxygenNo
50%
Magic acidSulphurYes
50%
Magic acidFluorineYes
40%
Iron pyritesSulphurYes
40%
Magic acidAntimonyYes
10%

Score Distribution

Percentile by Number Answered

Percent of People with Each Score

Your Score History

You have not taken this quiz